|
|
|
|
| LEADER |
01347nam a2200325Ia 4500 |
| 001 |
EBC232318 |
| 003 |
MiAaPQ |
| 005 |
20200520144314.0 |
| 006 |
m o d | |
| 007 |
cr cn||||||||| |
| 008 |
000815s2002 enk s 000 0 eng d |
| 020 |
|
|
|z 0861767969
|
| 035 |
|
|
|a (MiAaPQ)EBC232318
|
| 035 |
|
|
|a (Au-PeEL)EBL232318
|
| 035 |
|
|
|a (CaPaEBR)ebr10052726
|
| 035 |
|
|
|a (CaONFJC)MIL51120
|
| 035 |
|
|
|a (OCoLC)61695132
|
| 040 |
|
|
|a MiAaPQ
|c MiAaPQ
|d MiAaPQ
|
| 050 |
|
4 |
|a HF5429
|b .M47 2002
|
| 245 |
0 |
0 |
|a Merchandising cases from the 7th international European association for education and research in commercial distribution conference
|h [electronic resource] /
|c guest editor, Adelina Broadbridge.
|
| 260 |
|
|
|a Bradford, England :
|b Emerald Group Publishing,
|c c2002.
|
| 300 |
|
|
|a 43 p.
|
| 490 |
0 |
|
|a International journal of retail & distribution management ;
|v v.31, no. 3
|
| 533 |
|
|
|a Electronic reproduction. Ann Arbor, MI : ProQuest, 2015. Available via World Wide Web. Access may be limited to ProQuest affiliated libraries.
|
| 650 |
|
0 |
|a Physical distribution of goods
|x Management.
|
| 650 |
|
0 |
|a Retail trade
|x Management.
|
| 655 |
|
4 |
|a Electronic books.
|
| 700 |
1 |
|
|a Broadbridge, A.
|q (Adelina)
|
| 710 |
2 |
|
|a ProQuest (Firm)
|
| 856 |
4 |
0 |
|u https://ebookcentral.proquest.com/lib/matrademy/detail.action?docID=232318
|z Click to View
|